Podrobnosti MARC
| 000 -Návěští |
| Řídící pole kódované 24B |
01761nam a2200457 i 4500 |
| 001 - Kontrolní číslo |
| Řídící pole proměnné |
nkc20253684186 |
| 003 - Identifikátor kontrolního čísla |
| Řídící pole proměnné |
CZ PrSKC |
| 005 - Datum posledního zpracování |
| Řídící pole 16B |
20250616102015.0 |
| 007 - Pole pevné délky pro fyzický popis |
| Řídící pole kódované |
ta |
| 008 - Údaje pevné délky |
| Řídící pole kódované 40B |
250506s2025 xr acf e 000 0acze |
| 020 ## - ISBN |
| ISBN |
9788026731658 |
| 040 ## - Zdroj katalogizace-agentura |
| Agentura původní katalogizace |
OLA001 |
| Jazyk katalogizace |
cze |
| Použitá pravidla popisu |
rda |
| 072 #7 - Kód předmětové kategorie - Konspekt |
| Předmětová kategorie |
78.07 |
| Zpřesnění předmětové kategorie |
Hudebníci, skladatelé a jiná hudební povolání |
| Zdroj předmětové klasifikace |
Konspekt |
| 072 #7 - Kód předmětové kategorie - Konspekt |
| Předmětová kategorie |
929 |
| Zpřesnění předmětové kategorie |
Biografie |
| Zdroj předmětové klasifikace |
Konspekt |
| 080 ## - MDT |
| Klasifikační znak MDT |
78.071.1/.2(=214.58) |
| Idetifikátor vydání MDT |
MRF |
| 080 ## - MDT |
| Klasifikační znak MDT |
316.344.6-056.262 |
| Idetifikátor vydání MDT |
MRF |
| 080 ## - MDT |
| Klasifikační znak MDT |
929 |
| Idetifikátor vydání MDT |
MRF |
| 080 ## - MDT |
| Klasifikační znak MDT |
(437.6) |
| Idetifikátor vydání MDT |
MRF |
| 080 ## - MDT |
| Klasifikační znak MDT |
(437.3) |
| Idetifikátor vydání MDT |
MRF |
| 080 ## - MDT |
| Klasifikační znak MDT |
(047.53) |
| Idetifikátor vydání MDT |
MRF |
| 100 1# - Hlavní záhlaví - osobní jméno autora |
| Osobní jméno |
Bihári, Mário, |
| Datumy související se jménem |
1977- |
| Kód role |
aut |
| 9 (RLIN) |
19462 |
| 245 10 - Údaje o názvu |
| Název |
Hudbu vidím barevně / |
| Údaj o odpovědností, atd. |
Patrik Banga, Mário Bihári |
| 250 ## - Údaje o vydání |
| Označení vydání |
Vydání první |
| 264 #1 - Nakladatelské údaje |
| Místo vydání |
V Praze : |
| Nakladatel |
Vyšehrad, |
| Rok vydání |
2025 |
| 300 ## - Fyzický popis |
| Rozsah |
158 stran, 24 nečíslovaných stran obrazových příloh : |
| další fyzické údaje |
ilustrace (některé barevné), portréty ; |
| Rozměry |
21 cm |
| 600 17 - Vedlejší věcné záhlaví - osobní jméno |
| Osobní jméno |
Bihári, Mário, |
| Datumy související se jménem |
1977- |
| Zdroj záhlaví nebo termínu |
czenas |
| 9 (RLIN) |
19463 |
| 648 #7 - Vedlejší věcné záhlaví - chronologický termín |
| Chronologický termín |
20.-21. století |
| Zdroj záhlaví nebo termínu |
czenas |
| -- |
117 |
| 650 07 - Vedlejší věcné záhlaví - věcné téma |
| Věcné téma |
romští hudebníci |
| Geografické zpřesnění |
Slovensko |
| Chronologické zpřesnění |
20.-21. století |
| Zdroj záhlaví nebo termínu |
czenas |
| 9 (RLIN) |
19464 |
| 650 07 - Vedlejší věcné záhlaví - věcné téma |
| Věcné téma |
romští hudebníci |
| Geografické zpřesnění |
Česko |
| Chronologické zpřesnění |
20.-21. století |
| Zdroj záhlaví nebo termínu |
czenas |
| 9 (RLIN) |
19465 |
| 650 07 - Vedlejší věcné záhlaví - věcné téma |
| Věcné téma |
nevidomí |
| Geografické zpřesnění |
Slovensko |
| Chronologické zpřesnění |
20.-21. století |
| Zdroj záhlaví nebo termínu |
czenas |
| 9 (RLIN) |
19466 |
| 650 07 - Vedlejší věcné záhlaví - věcné téma |
| Věcné téma |
nevidomí |
| Geografické zpřesnění |
Česko |
| Chronologické zpřesnění |
20.-21. století |
| Zdroj záhlaví nebo termínu |
czenas |
| 9 (RLIN) |
19467 |
| 650 09 - Vedlejší věcné záhlaví - věcné téma |
| Věcné téma |
Romani musicians |
| Geografické zpřesnění |
Slovakia |
| Chronologické zpřesnění |
20th-21st centuries |
| Zdroj záhlaví nebo termínu |
eczenas |
| 9 (RLIN) |
19468 |
| 650 09 - Vedlejší věcné záhlaví - věcné téma |
| Věcné téma |
Romani musicians |
| Geografické zpřesnění |
Czechia |
| Chronologické zpřesnění |
20th-21st centuries |
| Zdroj záhlaví nebo termínu |
eczenas |
| 9 (RLIN) |
19469 |
| 650 09 - Vedlejší věcné záhlaví - věcné téma |
| Věcné téma |
blind |
| Geografické zpřesnění |
Slovakia |
| Chronologické zpřesnění |
20th-21st centuries |
| Zdroj záhlaví nebo termínu |
eczenas |
| 9 (RLIN) |
19470 |
| 650 09 - Vedlejší věcné záhlaví - věcné téma |
| Věcné téma |
blind |
| Geografické zpřesnění |
Czechia |
| Chronologické zpřesnění |
20th-21st centuries |
| Zdroj záhlaví nebo termínu |
eczenas |
| 9 (RLIN) |
19471 |
| 655 #7 - Rejstříkový termín - žánr/forma |
| Žánr/forma či základní termín |
rozhovory |
| -- |
825 |
| 655 #9 - Rejstříkový termín - žánr/forma |
| Žánr/forma či základní termín |
interviews |
| -- |
826 |
| 700 1# - Vedlejší záhlaví - osobní jméno autora |
| Osobní jméno |
Banga, Patrik, |
| Datumy související se jménem |
1982- |
| Kód role |
aut |
| 9 (RLIN) |
16923 |
| 910 ## - Údaje o vlastníkovi jednotky (exempláře) |
| Sigla vlastníka jednotky |
ABG508 |